Oncology

Bibliographic Details
Corporate Author: S. Karger (Firm)
Format: Electronic Journal
Language:English
Published: Basel : Karger
Subjects:
Online Access:Full text available from Research Library: 01/01/1998 to 11/30/2015

MARC

LEADER 00000nas a2200000 a 4500
001 ssj0007546
003 WaSeSS
005 20200512172242.0
006 m d
007 cr n
008 000725c19679999sz mx pss 0 0eng c
010 |a  2006268250 
016 7 |a 1483096-6  |2 DE-600 
016 7 |a 012434606  |2 Uk 
022 |a 1423-0232  |l 0030-2414  |y 0030-2414 
035 |a (WaSeSS)ssj0007546 
037 |b S. Karger AG, Allschwilerstrasse 10, CH-4009 Basel, Switzerland 
040 |a F#A  |b eng  |c F#A  |d OCLCQ  |d FQM  |d OCLCS  |d MXC  |d DLC  |d MXC  |d OCLCQ  |d NUI  |d OCLCF  |d OCLCO  |d VT2  |d OCLCQ  |d OCLCO  |d OCLCQ  |d Z5A  |d OCLCO  |d OCLCA  |d APUMS  |d OCLCO  |d AU@  |d OCLCO  |d WYU  |d UKMGB  |d WaSeSS 
042 |a pcc 
050 4 |a RC261 
060 4 |a INTERNET 
082 0 4 |a 616.994 
130 0 |a Oncology (Online) 
245 1 0 |a Oncology  |h [electronic resource]. 
260 |a Basel :  |b Karger 
310 |a 12 no. a year,  |b 2004- (articles added to current issue shortly after authors' approval) 
321 |a 8 no. a year,  |b 1999-2003 
362 1 |a Print began in 1967. 
500 |a "International journal of cancer research and treatment." 
506 |a License restrictions may limit access. 
515 |a From 1999- there are 2 v. a year: v. for 1999-2003 have 4 no. each; v. for 2004- have 6 no. each. 
515 |a Some no. combined. 
525 |a Supplements accompany some issues. 
538 |a Mode of access: World Wide Web. 
588 |a Description based on: Vol. 55, no. 1 (Jan./Feb. 1998); title from contents page (publisher's Web site, viewed June 21, 2006). 
588 |a Latest issue consulted: Vol. 70, no. 3 (2006). 
650 0 |a Oncology  |v Periodicals. 
650 7 |a Oncology.  |2 fast  |0 (OCoLC)fst01045739 
650 2 |a Medical Oncology  |v Periodicals. 
650 2 |a Neoplasms  |v Periodicals. 
655 0 |a Electronic journals. 
710 2 |a S. Karger (Firm) 
776 1 |t Oncology  |x 0030-2414  |w (DLC)sf 80000732  |w (OCoLC)1605579 
856 4 0 |z Full text available from Research Library: 01/01/1998 to 11/30/2015  |u https://search.proquest.com/publication/41203